Discurso leido en la solemne apertura del curso académico de 1896 á 1897 en la Universidad Literaria de Granada / (Record no. 161715)

MARC details
000 -LEADER
campo de control de longitud fija 00807nam a22001815i 4500
001 - NÚMERO DE CONTROL
campo de control 161715
003 - IDENTIFICADOR DE NÚMERO DE CONTROL
campo de control ES-MaACL
005 - FECHA Y HORA DE LA ÚLTIMA TRANSACCIÓN
campo de control 20230906212339.0
008 - DATOS DE LONGITUD FIJA--INFORMACIÓN GENERAL
campo de control de longitud fija 990618s1896 sp |||| | spa d
040 ## - FUENTE DE CATALOGACIÓN
Centro catalogador/agencia de origen CCPB | B
Lengua de catalogación spa
Centro/agencia transcriptor CCPB | B
100 1# - ENTRADA PRINCIPAL--NOMBRE DE PERSONA
Nombre de persona Perales Gutiérrez, Arturo.
9 (RLIN) 130983
245 10 - MENCIÓN DEL TÍTULO
Título Discurso leido en la solemne apertura del curso académico de 1896 á 1897 en la Universidad Literaria de Granada /
Mención de responsabilidad, etc. por Arturo Perales Gutiérrez.
260 ## - PUBLICACIÓN, DISTRIBUCIÓN, ETC.
Lugar de publicación, distribución, etc. Granada :
Nombre del editor, distribuidor, etc. [s.n.],
Fecha de publicación, distribución, etc. 1896 (
Fabricante Imprenta de Indalecio Ventura)
300 ## - DESCRIPCIÓN FÍSICA
Extensión 27 p. ;
Dimensiones 31 cm.
500 #1 - NOTA GENERAL
Nota general Tema: "Índice de algunas consideraciones relativas a la herencia natural"
710 2# - ENTRADA AGREGADA--NOMBRE DE ENTIDAD CORPORATIVA
Nombre de entidad corporativa o nombre de jurisdicción como elemento de entrada Universidad Literaria de Granada.
9 (RLIN) 153703
852 ## - LOCALIZACIÓN
Ubicación ES-MaACL
Número de control de estantería T-777-F-4
Nota libre -- Enc. hol. conservando la cub. original
-- -- Enc. en un vol. facticio
Holdings
Estatus retirado Estado de pérdida Estado de daño No para préstamo Colección Biblioteca de origen Biblioteca actual Ubicación en estantería Fecha de adquisición Total de préstamos Signatura topográfica completa Código de barras Visto por última vez Precio de reemplazo Tipo de ítem Koha
        Colección de folletos Biblioteca del Ateneo de Madrid Biblioteca del Ateneo de Madrid Depósito folletos 17/01/2008   T-777-F-4 1169398 23/02/2023 23/02/2023 Folleto